000 00894nam a2200253 a 4500
999 _c2500
_d2500
008 200320s2012 ii ad||g m|||a00| 0 eng d
040 _aKO
_beng
041 0 _aeng
044 _aii
082 0 4 _223
_a378.242
_bIRM1112
100 1 _aR, Nidhin Raj
_eResearcher
245 2 0 _aA Study on Container Terminal Operation at Mundra International Container Terminal /
_cNidhin Raj. R ; Guide Asha Pillai
260 _aKochi :
_bIndian Maritime University,
_c2012
300 _a26 p. :
_bill., charts ;
_c29 cm.
490 0 _aMBA Internship 2011-13 ;
_v11005051013
502 _aInternship (MBA)–Indian Maritime University. School of Maritime Management, 2012.
610 2 0 _aMundra International Container Terminal
650 0 _aContainer terminals
655 7 _2lcsh
_aDissertations, Academic
_y2012
700 1 _aPillai, Asha
_cDr.
_eGuide
904 _aReshma_R
942 _cTH